000 00478nam a2200145Ia 4500
008 231129s2006||||xx |||||||||||||| ||spa||
020 _a958-04-8711-1
040 _bspa
082 _a658.4092 R788c
100 _aRosanas Martí­ Josep M.
245 0 _aCómo destrozar la propia empresa y creerse maravilloso: Claves para evitar las malas prácticas empresariales
260 _c2006
264 _aGrupo Editorial Norma
942 _2ddc
_cBKS
999 _c7480
_d7480